Missing Word: Scarlett Johansson Quiz Stats

 Plays Quiz Updated Oct 14, 2016

Challenge
Share
Tweet
Embed
Score 0/14 Timer 03:00
2 Plays Today
Hint Answer % Correct
He's Just Not That Into ___You
96.2%
____ in TranslationLost
92.8%
The _____ WhispererHorse
81.4%
____ Man 2Iron
74.5%
The _____ DahliaBlack
69.2%
Girl with the _____ EarringPearl
65.4%
The Man Who _____ ThereWasn't
54.2%
Hint Answer % Correct
The Other ______ GirlBoleyn
51.1%
_____ Cristina Barcelona Vicky
48.4%
An ________ RhapsodyAmerican
37.6%
In Good _______Company
30.6%
The _____ DiariesNanny
26.6%
_____ PointMatch
24.7%
Ghost ____World
13.8%

Today's Daily Dose

Missing Word
Entertainment 'M'

Word Ladder
North Carolina

On This Day
January 16th II

You're not logged in!

Compare scores with friends on all Sporcle quizzes.
OR
Log In

You Might Also Like...

Show Comments

Extras

Top Quizzes Today


Score Distribution

Your Account Isn't Verified!

In order to create a playlist on Sporcle, you need to verify the email address you used during registration. Go to your Sporcle Settings to finish the process.

Report this User

Report this user for behavior that violates our Community Guidelines.

Details: